=LDR 00000nam 2200000 4500 =001 INLIS000000000022031 =005 20130612120829 =008 ***********************************Ind** =035 ##$$0010-061300000022031 =041 ##$$a Ind =082 ##$$a 639.39 =090 ##$$a 639.39, Pai-m =100 ##$$a PAIMAN, Fendy R =245 ##$$a Memelihara iguana, Fendy R. Paimin =260 ##$$a 1997 $b Jakarta =650 ##$$a Reptil =850 ##$$a NBPNMAT